Les probabilités en science d'observation / (Record no. 52059)

MARC details
000 -LEADER
campo de control de longitud fija 00459nam a2200157 i 4500
001 - NÚMERO DE CONTROL
campo de control 52059
003 - IDENTIFICADOR DE NÚMERO DE CONTROL
campo de control ES-MaACL
005 - FECHA Y HORA DE LA ÚLTIMA TRANSACCIÓN
campo de control 20230906162512.0
007 - CAMPO FIJO DE DESCRIPCIÓN FÍSICA--INFORMACIÓN GENERAL
campo de control de longitud fija t|
008 - DATOS DE LONGITUD FIJA--INFORMACIÓN GENERAL
campo de control de longitud fija 030825s1923 fr ||||1| fre d
100 1# - ENTRADA PRINCIPAL--NOMBRE DE PERSONA
Nombre de persona Choisnard, Paul.
9 (RLIN) 38593
245 14 - MENCIÓN DEL TÍTULO
Título Les probabilités en science d'observation /
Mención de responsabilidad, etc. Paul Choisnard.
260 ## - PUBLICACIÓN, DISTRIBUCIÓN, ETC.
Lugar de publicación, distribución, etc. Paris :
Nombre del editor, distribuidor, etc. Félix Alcan,
Fecha de publicación, distribución, etc. 1923 (
Lugar de fabricación/manufactura Saint Amand :
Fabricante Bussière)
300 ## - DESCRIPCIÓN FÍSICA
Extensión IV, 168 p. ;
Dimensiones 19 cm.
852 ## - LOCALIZACIÓN
Ubicación ES-MaACL
Número de control de estantería F-11921
Holdings
Estatus retirado Estado de pérdida Estado de daño No para préstamo Biblioteca de origen Biblioteca actual Ubicación en estantería Fecha de adquisición Fuente de adquisición Total de préstamos Signatura topográfica completa Código de barras Visto por última vez Precio de reemplazo Tipo de ítem Koha
        Biblioteca del Ateneo de Madrid Biblioteca del Ateneo de Madrid Sala Pecera Planta 2 17/01/2008     F-11921 1054734 23/02/2023 23/02/2023 Libro impreso